Prácticas clínicas. Volumen I /
Uloženo v:
| Hlavní autor: | |
|---|---|
| Médium: | Elektronický zdroj E-kniha |
| Jazyk: | španělština |
| Vydáno: |
Madrid :
Universidad Francisco de Vitoria, UFV Madrid, Editorial,
[2020]
|
| Vydání: | Primera edición. |
| Edice: | Colección Cuadernos de apuntes.
|
| Témata: | |
| On-line přístup: | Digitalia Hispánica |
| Tagy: |
Přidat tag
Žádné tagy, Buďte první, kdo vytvoří štítek k tomuto záznamu!
|
MARC
| LEADER | 00000nam a2200000Ii 4500 | ||
|---|---|---|---|
| 001 | DIGEDUFV0049 | ||
| 003 | NyNyDIG | ||
| 006 | m o d | ||
| 007 | cr ||||||||||| | ||
| 008 | 220615s2020 sp a ob 000 0 spa d | ||
| 035 | |a (OCoLC)1335134409 | ||
| 040 | |a DGITA |b eng |e rda |e pn |c DGITA | ||
| 020 | |a 9788417641818 |q edición digital | ||
| 020 | |z 9788417641801 |q edición impresa | ||
| 050 | 1 | 4 | |a RT41 ebook |
| 100 | 1 | |a Renghea, Mariana Alina, |e author. | |
| 245 | 1 | 0 | |a Prácticas clínicas. |n Volumen I / |c Mariana Alina Renghea [and 3 others] |
| 250 | |a Primera edición. | ||
| 264 | 1 | |a Madrid : |b Universidad Francisco de Vitoria, UFV Madrid, Editorial, |c [2020] | |
| 300 | |a 1 online resource : |b illustrations. | ||
| 336 | |a text |b txt |2 rdacontent | ||
| 337 | |a computer |b c |2 rdamedia | ||
| 338 | |a online resource |b cr |2 rdacarrier | ||
| 347 | |a text file |2 rdaft | ||
| 347 | |b PDF | ||
| 490 | 1 | |a Colección Cuadernos de apuntes. | |
| 500 | |a "Grado en Enfermería, Prácticas clínicas I"--Cover. | ||
| 504 | |a Includes bibliographical references. | ||
| 588 | 0 | |a Online resource; title from PDF title page (Digitalia, viewed June 15, 2022) | |
| 650 | 0 | |a Nursing. | |
| 655 | 0 | |a Electronic books. | |
| 791 | 2 | |a Digitalia (Firm), |e distributor. | |
| 793 | 0 | |g Digitalia eBook Collection: |a Editorial Universidad Francisco de Vitoria | |
| 776 | 0 | 8 | |i Print version: |a Renghea, Mariana Alina. |t Prácticas clínicas. |b Primera edición. |d Madrid : Universidad Francisco de Vitoria, UFV Madrid, Editorial, [2020] |z 9788417641801 |
| 830 | 0 | |a Colección Cuadernos de apuntes. | |
| 856 | 4 | 0 | |3 Digitalia Hispánica |u https://digitalia.unach.elogim.com/a/104123/ |
| 910 | |a Premium collection: 2022 | ||